000 01404nam a2200265 i 4500
001 154132
003 ES-MaACL
005 20251014063218.0
008 931025s1786 sp |||| | spa d
040 _aAS
_bspa
_cPAB
100 1 _aForner, Juan Pablo,
_d1756-1797
_951775
245 1 0 _aOración apologética por la España y su merito literario
_b: para que sirva de exornación al discurso leido por el Abate Denina en la Academia de Ciencias de de Berlin ... /
_cpor D. Juan Pablo Forner. Reponse à la question que doit-on á l'Espagne? : discours du à l'Academie de Berlin dans l'assemblée publique du 26 janvier l'an 1786 ... / par Mr. L'Abbé Denina.
260 _aEn Madrid :
_ben la Imprenta Real,
_c1786.
300 _a[2], XVII, 228, 86, [4], 44, [2] p., [1] h. en bl. ;
_c8º.
505 8 0 _aContiene: Reponse a la question que doit-on á l´Espagne?: discours lu a l´academie de Berlin...26 janvier lán 1786
530 _aDisponible en formato digital.
597 _aSign.: A-X8, A-C8, [ ]2.
597 _aSegunda obra con port. y paginación propias.
651 4 _aEspaña-
_xCivilización.
_98163
700 0 _aDenina, Carlo.
_943695
852 _aES-MaACL
_jR-1880
_z-- Enc. pasta española
_x-- Olim: F-4691
856 _uhttp://bdh-rd.bne.es/viewer.vm?id=0000124601&page=1
_zBiblioteca Digital Hispánica
999 _c154132
_d154132